000 00628nam a2200253Ia 4500
005 20250425162426.0
008 250425s9999 xx 000 0 und d
041 _aspa
082 _a621.436
110 _aEDICIONES NEGRI
245 0 _aMANUAL Y GUIA AUTOMOTOR DIESEL
250 _a1A ED.
260 _aArgentina
_bEDICIONES NEGRI
_c1997
260 _aBUENOS AIRES
300 _a1069
650 _aGUIA COMERCIAL
650 _aMANUAL DE MARCA
650 _aMARCAS DE FABRICA
650 _aMOTORES DIESEL
650 _aPIEZAS DE VEHICULOS
650 _aVEHICULOS AUTOMOTRICES
942 _c01
010 _a72697
999 _c228947
_d228947